|
|
|
|
| LEADER |
02030nam a2200481 i 4500 |
| 001 |
EBC1765590 |
| 003 |
MiAaPQ |
| 005 |
20200520144314.0 |
| 006 |
m o d | |
| 007 |
cr cnu|||||||| |
| 008 |
141105t20142014enk ob 001 0 eng d |
| 020 |
|
|
|z 9781137319692
|
| 020 |
|
|
|a 9781137319708 (e-book)
|
| 035 |
|
|
|a (MiAaPQ)EBC1765590
|
| 035 |
|
|
|a (Au-PeEL)EBL1765590
|
| 035 |
|
|
|a (CaPaEBR)ebr10958993
|
| 035 |
|
|
|a (CaONFJC)MIL636028
|
| 035 |
|
|
|a (OCoLC)893735949
|
| 040 |
|
|
|a MiAaPQ
|b eng
|e rda
|e pn
|c MiAaPQ
|d MiAaPQ
|
| 050 |
|
4 |
|a HD6300
|b .M547 2014
|
| 082 |
0 |
|
|a 331.62
|2 23
|
| 245 |
0 |
0 |
|a Migration and care labour :
|b theory, policy and politics /
|c edited by Bridget Anderson and Isabel Shutes.
|
| 264 |
|
1 |
|a Hampshire, England ;
|a New York, New York :
|b Palgrave Macmillan,
|c 2014.
|
| 264 |
|
4 |
|c 2014
|
| 300 |
|
|
|a 1 online resource (248 pages).
|
| 336 |
|
|
|a text
|2 rdacontent
|
| 337 |
|
|
|a computer
|2 rdamedia
|
| 338 |
|
|
|a online resource
|2 rdacarrier
|
| 490 |
1 |
|
|a Migration, Diasporas and Citizenship Series
|
| 504 |
|
|
|a Includes bibliographical references at the end of each chapters and index.
|
| 588 |
|
|
|a Description based on print version record.
|
| 590 |
|
|
|a Electronic reproduction. Ann Arbor, MI : ProQuest, 2015. Available via World Wide Web. Access may be limited to ProQuest affiliated libraries.
|
| 650 |
|
0 |
|a Foreign workers.
|
| 650 |
|
0 |
|a Emigration and immigration.
|
| 650 |
|
0 |
|a Child care workers.
|
| 650 |
|
0 |
|a Older people
|x Care.
|
| 655 |
|
4 |
|a Electronic books.
|
| 700 |
1 |
|
|a Anderson, Bridget,
|e editor.
|
| 700 |
1 |
|
|a Shutes, Isabel,
|e editor.
|
| 776 |
0 |
8 |
|i Print version:
|t Migration and care labour : theory, policy and politics.
|d Hampshire, England ; New York, New York : Palgrave Macmillan, c2014
|h xii, 235 pages
|k Migration, diasporas and citizenship.
|z 9781137319692
|w 2014018471
|
| 797 |
2 |
|
|a ProQuest (Firm)
|
| 830 |
|
0 |
|a Migration, diasporas and citizenship.
|
| 856 |
4 |
0 |
|u https://ebookcentral.proquest.com/lib/matrademy/detail.action?docID=1765590
|z Click to View
|